Normal view
MARC view
- Musharraf, Pervez.
Entry Personal Name
001 - CONTROL NUMBER
- control field: 13067
003 - CONTROL NUMBER IDENTIFIER
- control field: NUST
005 - DATE AND TIME OF LATEST TRANSACTION
- control field: 20190118152718.0
008 - FIXED-LENGTH DATA ELEMENTS
- fixed length control field: 190118|| aca||aabn | a|a d
040 ## - CATALOGING SOURCE
- Original cataloging agency: NUST
- Transcribing agency: NUST
100 ## - HEADING--PERSONAL NAME
- Personal name: Musharraf, Pervez.
670 ## - SOURCE DATA FOUND
- Source citation: Work cat.: (NUST)0: Musharraf, Pervez., In the Line of Fire :, 2006.
